000 00621nam a2200241Ia 4500
003 OSt
005 20221005074200.0
006 a|||||r|||| 00| 0
007 ta
008 221004b |||||||| |||| 00| 0 eng d
024 _a63896
037 _cTextual
040 _aCRL
_cCRL
_beng
041 _2eng
_aeng
082 _aV26114.N7, M1
100 _aConstantine R
_9608632
245 0 _aManipur
_b Maid of the mountains
260 _aNew Delhi
_bLancers
_c1981
300 _a263p.
_ccm.
650 _aHISTORY
942 _hV26114.N7, M1
_cTEXL
_2cc
999 _c982305
_d982305